000 00786nam a2200253 a 4500
008
020 _a0750636068 (pbk.)
049 _aMAIN
090 _aTH215
_bHOW
100 1 _aHoward, Rob.
245 1 0 _aComputing in construction :
_bpioneers and the future /
_cRob Howard.
260 _aOxford :
_bButterworth-Heinemann,
_c1998.
300 _ax, 138 p. :
_bill. ;
_c25 cm.
504 _aIncludes bibliographical references.
500 _aIncludes index.
650 0 _aBuilding
_xData processing.
650 0 _aInformation technology.
650 0 _aConstruction industry
_xTechnological innovations.
907 _a.b10103855
_b07-04-22
_c13-12-03
003
005 20230123134035.0
040 _cNUST
942 _cBOOKS
_kTH215
_mHOW
999 _c159000
_d159000